Wirtschafts-Lexikon : Vierter Band L-P /
Enregistré dans:
| Auteur principal: | |
|---|---|
| Format: | Livre |
| Langue: | allemand |
| Publié: |
Wiesbaden :
Verlag Dr.Th.Gabler,
1976
|
| Édition: | 9.neubearb.Aufl. |
| Sujets: | |
| Tags: |
Pas de tags, Soyez le premier à ajouter un tag!
|
MARC
| LEADER | 00000nam a22000003a 4500 | ||
|---|---|---|---|
| 001 | stu45402 | ||
| 005 | 20150617225716.1 | ||
| 008 | 960612s1976----gw------------------ger-d | ||
| 020 | |a 3-409-30351-0 | ||
| 040 | |a STU |b slo | ||
| 041 | 0 | |a ger | |
| 044 | |a gw | ||
| 080 | |a 330.3(03) | ||
| 100 | 1 | |a Gablers, Th |4 aut | |
| 245 | 1 | |a Wirtschafts-Lexikon : |b Vierter Band L-P / |c [aut.]Th. Gablers | |
| 250 | |a 9.neubearb.Aufl. | ||
| 260 | |a Wiesbaden : |b Verlag Dr.Th.Gabler, |c 1976 | ||
| 300 | |a 895 s | ||
| 650 | 7 | |a hospodárstvo |2 stusub | |
| 650 | 7 | |a lexikóny |2 stusub | |
| 996 | |b 284M025461 |c M*9357/4-1 |l MMKN |s A |a 24 |w stu45402_0001 | ||